000 00906nam a22002775a 4500
005 20150803121245.0
008 150629r20142012ii a fr 001 0 eng d
020 _a9789350142288
020 _a8189757245
040 _aEG-ScBUE
_beng
_dEG-ScBUE
082 0 4 _a333.794
_bSAE
_222
100 1 _aSaeed, S. Hassan.
_938258
245 1 0 _aNon-conventional energy resources /
_cby S. Hassan saeed, D. K. Sharma.
250 _a3rd ed., reprinted.
260 _aNew Delhi :
_bS. K. Kataria & Sons,
_c2014.
300 _a314 p. :
_bill. ;
_c24 cm.
500 _aIndex : p. 310-314.
500 _aReprint of the 2014 ed.
650 7 _aRenewable energy sources.
_2BUEsh
_93747
650 0 _aPower resources
_xEnvironmental aspects.
_2BUEsh
651 _2BUEsh
653 _bENGGEN
_cJune2015
_cJuly2015
_cAugust2015
655 _vreading book
_934232
700 1 _aSharma, D. K.
_95873
942 _2ddc
_k333.794 SAE
999 _c20047
_d20019